书目信息 |
| 题名: |
人体和思维
|
|
| 作者: | 阿西摩夫 著 ;阮芳赋 , 张大卫 译 | |
| 分册: | 自然科学基础知识 第四分册 | |
| 出版信息: | 北京 科学出版社 1978.02 |
|
| 页数: | 220页 | |
| 开本: | 19cm | |
| 丛书名: | ||
| 单 册: | ||
| 中图分类: | N34 | |
| 科图分类: | ||
| 主题词: | 自然科学--科学研究 , 自然科学--鉴定 , 自然科学--分析 | |
| 电子资源: | ||
| ISBN: | ||
| 000 | 00750nam0 2200253 45 | |
| 001 | 0405171110 | |
| 005 | 20060814154323.92 | |
| 010 | @dCNY0.56 | |
| 091 | @a13031.666 | |
| 100 | @a20040517d1978 km y0chiy0120 ea | |
| 101 | 0 | @achi |
| 200 | 1 | @a人体和思维@ARen Ti He Si Wei@h自然科学基础知识@i第四分册@f(美)I·阿西摩夫著@F(mei)I·a xi mo fu zhu@g阮芳赋,张大卫等译 |
| 210 | @a北京@c科学出版社@d1978.02 | |
| 215 | @a220页@d19cm | |
| 517 | @a第四分册@ADi Si Fen Ce | |
| 606 | 0 | @a自然科学@x科学研究 |
| 606 | 0 | @a自然科学@x鉴定 |
| 606 | 0 | @a自然科学@x分析 |
| 690 | @aN34@v3 | |
| 701 | 0 | @a阿西摩夫@Aa xi mo fu@4著 |
| 702 | 0 | @a阮芳赋@ARuan Fang Fu@4译 |
| 702 | 0 | @a张大卫@AZhang Da Wei@4译 |
| 801 | @aCN@bTSTCL@c20060814 | |
| 905 | @dN34@e5:4 | |
| 人体和思维.自然科学基础知识.第四分册/(美)I·阿西摩夫著/阮芳赋,张大卫等译.-北京:科学出版社,1978.02 |
| 220页;19cm |
| ISBN :CNY0.56 |
| ● |
| 相关链接 |
|
|
|
|
正题名:人体和思维
索取号:N34/5:4
 
预约/预借
| 序号 | 登录号 | 条形码 | 馆藏地/架位号 | 状态 | 备注 |
| 1 | 0025535 | 000562527 | 第三借阅区/ [索取号:N34/5:4] | 在馆 | |
| 2 | 0025536 | 000562518 | 第三借阅区/ [索取号:N34/5:4] | 在馆 | |
| 3 | 0025537 | 000562509 | 第三借阅区/ [索取号:N34/5:4] | 在馆 | |
| 4 | 0420198 | 204201988 | 密集书库/ [索取号:N34/5:4] | 在馆 | |
| 5 | 0420199 | 204201997 | 密集书库/ [索取号:N34/5:4] | 在馆 | |
| 6 | 0420200 | 204202004 | 密集书库/ [索取号:N34/5:4] | 在馆 | |
| 7 | 0420942 | 204209427 | 密集书库/ [索取号:N34/5:4] | 在馆 | |
| 8 | 0437580 | 204375808 | 密集书库/ [索取号:N34/5:4] | 在馆 | |
| 9 | 0437581 | 204375817 | 密集书库/ [索取号:N34/5:4] | 在馆 | |
| 10 | 0439555 | 204395555 | 密集书库/ [索取号:N34/5:4] | 在馆 | |
| 11 | 0439556 | 204395564 | 密集书库/ [索取号:N34/5:4] | 在馆 | |
| 12 | 0439557 | 204395573 | 密集书库/ [索取号:N34/5:4] | 在馆 | |
| 13 | 0439558 | 204395582 | 密集书库/ [索取号:N34/5:4] | 在馆 | |
| 14 | 0439559 | 204395591 | 密集书库/ [索取号:N34/5:4] | 在馆 | |
| 15 | 0458246 | 204582460 | 密集书库/ [索取号:N34/5:4] | 在馆 |